00000000nam##2200000za#4500
0019.576591
003CaOODSP
00520210624185218
007cr |||||||||||
008150406|1985||||xxc|||||o    f|0| 0 eng|d
040 |aCaOODSP|beng
043 |an-cn---
0861 |aFs97-13/532E-PDF
1101 |aCanada. |bDepartment of Fisheries and Oceans.
24510|aMicrozooplankton community in the Browns Bank Region (February - November 1983) / |h[electronic resource]|cby Jodine C. Dugas.
260 |aDartmouth - Nova Scotia : |bFisheries and Oceans Canada |c1985.
300 |a50p.|bfigs., references
4901 |aCanadian data report of fisheries and aquatic sciences|vNo. 532
500 |aOn t.p.: Bedford Institute of Oceanography, Dartmouth, Nova Scotia. Catalogue number of the print edition appears in the PDF version.
546 |a(Résumé en français)
590 |a13-16-Supp|b2013-07-12
7201 |aDugas, Jodine C.
830#0|aCanadian data report of fisheries and aquatic sciences ;|vNo. 532|w(CaOODSP)9.505124
85640|ahttp://publications.gc.ca|qPDF|s896 KB|uhttps://publications.gc.ca/collections/collection_2013/mpo-dfo/Fs97-13-532-eng.pdf|yNo. 532